000 00526nam a2200217Ia 4500
003 OSt
005 20220928135411.0
006 a|||||r|||| 00| 0
007 ta
008 220927b |||||||| |||| 00| 0 eng d
024 _a1886
037 _cTextual
040 _aSDCL
_cSDCL
_beng
041 _2eng
_aeng
082 _aO-:g, L8
100 _aCorti Maria
_9490385
245 0 _aIntroduction to literary semiotics
260 _c1978
942 _hO-:g, L8
_cTEXL
_2CC
999 _c805698
_d805698